| 000 | 00379 a2200157 4500 | ||
|---|---|---|---|
| 003 | NUST | ||
| 005 | 20230301180805.0 | ||
| 040 | _cNust | ||
| 082 | _a808.81,AKB | ||
| 100 |
_aAkbarabadi _9109702 |
||
| 245 |
_aSihab Nisa /سحاب نیساں (Urdu) / _cAkbarabadi |
||
| 260 |
_aRawalpindi _c1985 |
||
| 300 | _a142 p.; | ||
| 650 |
_a Poetry _929982 |
||
| 942 |
_2ddc _cBK _k808.81,AKB |
||
| 999 |
_c187665 _d187665 |
||